00896cam a2200253 a 450000100100000000500170001000800410002703500190006804000360008704100380012308200200016110000390018124000390022024500960025926000790035530000210043449000260045553400600048165000100054165000180055165000120056970000350058183000260061600001296520240411201132.0840703s1956 ag 000 0 spa  a(DLC) 50015050 aDO-SdBNPbspacCarPdDLCdBNPHU17aspahita2Código de idioma MARC a345.0773bC289p1 aCarnelutti, Francesco,d1879-1965.03aIl problema della penalEspañol.13aEl problema de la pena / :bFrancesco Carnelutti ; traducción de Santiago Sentis Melendo. aBuenos Aires :bE diciones Jurídicas Europa-América. (E.J.E.A),c1956. a114 p. ;c16 cm.1 aBreviarios de Derecho pTítulo original en italiano:tIl problema della pena. 4aPenas 0aDerecho penal 4aDelitos1 aSentis Melendo, Santiago,etr. 0aBreviarios de Derecho